00541nam a2200181 a 45000010010000000030011000100080041000210350026000620820018000881000021001062450030001272600032001576500033001899420012002229520090002349980020003249990015003440000-8941ELIB.Books110520 1979  a(ELIB.Books)0000-9089 a268.435 bCha aChapman, Gary D. aToward a Growing Marriage bChicago: Moody Press c1979 aChristian Education (Adults) 2ddccBK 00102ddc4070aKBTSbKBTSd2011-05-20l0p3536r2022-01-22 00:00:00w2022-01-22yBK cbate2011-05-20 c8941d8941